000 00530nam a2200181Ia 4500
008 230718s9999 xx 000 0 und d
020 _a9789332519084
041 _aeng
082 _a519.2
_bWAL
100 _aWalpole R.E.
_9187629
245 _aProbability And Statistics For Engineers And Scientists
250 _a9th ed.
260 _c2014
_bPearson
300 _a856
365 _cRs.
_b1099.00
700 _aWalpole R.E.; Myers R.H.; Myers S.L. & Keying E.Y
906 _dO:0755127-Sep-2022B:IN34122-Sep-2022
_cTE
_b824.25
999 _c352726
_d352726